Dynamic Duos by First Names Quiz Stats

 Plays Quiz Updated May 8, 2018

Score 0/24 Timer 05:00
18 Plays Today
% Correct
MARIO &
LUIGI
96.5%
SONNY Bono &
CHER Bono
91.6%
SHERLOCK Holmes &
JOHN Watson
88.5%
THELMA Dickinson &
LOUISE Sawyer
88.1%
KARL Marx &
FRIEDRICH Engels
86.6%
TINA Fey &
AMY Poehler
86.5%
MIKE Wazowski &
SULLEY Sullivan
84.7%
PAUL Simon &
ART Garfunkel
82.5%
ARYA Stark &
SANDOR 'The Hound' Clegane
81.5%
FRED Astaire &
GINGER Rogers
80.4%
STEPHEN Fry &
HUGH Laurie
79.7%
CHEECH Marin &
TOMMY Chong
78.8%
% Correct
MICHAEL Jordan &
SCOTTIE Pippen
78.1%
FOX Mulder &
DANA Scully
77.7%
JACK White &
MEG White
77.6%
STAN Laurel &
OLIVER Hardy
76.8%
HUMPHREY Bogart &
LAUREN Bacall
76.4%
DEAN Martin &
JERRY Lewis
75.2%
LORELAI Gilmore &
RORY Gilmore
74.4%
DARYL Hall &
JOHN Oates
73.8%
KIMMY Gibbler &
D.J. Tanner
73.2%
TOD &
COPPER
72.3%
ANDRÉ 'André 3000' Benjamin &
ANTWAN 'Big Boi' Patton
66.7%
BUD Abbott &
LOU Costello
61.6%

You're not logged in!

Compare scores with friends on all Sporcle quizzes.
OR
Log In

Show Comments

Extras

Top Quizzes Today


Score Distribution

Your Account Isn't Verified!

In order to create a playlist on Sporcle, you need to verify the email address you used during registration. Go to your Sporcle Settings to finish the process.

Report this User

Report this user for behavior that violates our Community Guidelines.

Details: